000 01020nam a22002777a 4500
001 4409
003 FISKH
005 20250827090231.0
008 240821b cb ||||| |||| 00| 0 eng d
020 _a9780545502610
040 _aFISKH
_beng
_cFISKH
_dFISKH
050 _aT48.B27
082 _a609.2
100 _aBarretta, Gene
_eauthor
245 _aNow & Ben The Modern Inventions of Benjamin Franklin /
_cby Gene Barretta
250 _aFirst Scholastic printing , October 2012
260 _aNew York :
_bScholastic ;
_c2006 .
300 _a39 unnumbered pages :
_bcolor illustrations ;
_c24 cm .
490 _aNow & Ben
505 _aO
520 _aPresents an introduction to the inventions of Benjamin Franklin, one of the nation's most beloved figures, credited with introducing bifocals, daylight savings time, lightning rods, and the establishment of post offices.
521 8 _a640
_bLexile
521 8 _aO
_bRaz-Plus
650 _ainventors
_vnon-fiction
942 _2ddc
_cBK
_n0
999 _c4409
_d4409